<?xml version="1.0" encoding="UTF-8"?>
<record
    xmlns:xsi="http://www.w3.org/2001/XMLSchema-instance"
    xsi:schemaLocation="http://www.loc.gov/MARC21/slim http://www.loc.gov/standards/marcxml/schema/MARC21slim.xsd"
    xmlns="http://www.loc.gov/MARC21/slim">

  <leader>00811nam a22001577a 4500</leader>
  <controlfield tag="003">NUST</controlfield>
  <controlfield tag="005">20221028123728.0</controlfield>
  <datafield tag="082" ind1=" " ind2=" ">
    <subfield code="a">621.317,KET</subfield>
  </datafield>
  <datafield tag="100" ind1=" " ind2=" ">
    <subfield code="a">Ketchum, Donald J.</subfield>
    <subfield code="9">101617</subfield>
  </datafield>
  <datafield tag="245" ind1=" " ind2=" ">
    <subfield code="a">Pulse and seitching circuits /</subfield>
    <subfield code="c">Donald J. Ketchum</subfield>
  </datafield>
  <datafield tag="260" ind1=" " ind2=" ">
    <subfield code="a">London</subfield>
    <subfield code="b">McGraw Hill</subfield>
    <subfield code="c">1965</subfield>
  </datafield>
  <datafield tag="300" ind1=" " ind2=" ">
    <subfield code="a">309 p</subfield>
  </datafield>
  <datafield tag="505" ind1=" " ind2=" ">
    <subfield code="a">Waveforms (Page-1), Netwoks (Page-20), Resistance capacitance inductance (Page-34), Diode switching circuits (Page-56), Triode switches (Page-75), Bistable multivibrations (Page-109), Monostable and astable multivibrations (Page-140), Blocinking oscillators (Page-167), Basic sawtooth generators (Page-181), Gating circuits (Page-210), Delay circuits (Page-231), Special purpose circuits (Page-244), Applications (Page-257).</subfield>
  </datafield>
  <datafield tag="650" ind1=" " ind2=" ">
    <subfield code="a">Switching circuits</subfield>
    <subfield code="9">41481</subfield>
  </datafield>
  <datafield tag="942" ind1=" " ind2=" ">
    <subfield code="2">ddc</subfield>
    <subfield code="c">BK</subfield>
  </datafield>
  <datafield tag="999" ind1=" " ind2=" ">
    <subfield code="c">592069</subfield>
    <subfield code="d">592069</subfield>
  </datafield>
  <datafield tag="952" ind1=" " ind2=" ">
    <subfield code="0">0</subfield>
    <subfield code="1">0</subfield>
    <subfield code="2">ddc</subfield>
    <subfield code="4">0</subfield>
    <subfield code="7">0</subfield>
    <subfield code="a">MCS</subfield>
    <subfield code="b">MCS</subfield>
    <subfield code="c">GEN</subfield>
    <subfield code="d">2022-10-28</subfield>
    <subfield code="l">0</subfield>
    <subfield code="o">621.317,KET</subfield>
    <subfield code="p">MCS5741</subfield>
    <subfield code="r">2022-10-28</subfield>
    <subfield code="w">2022-10-28</subfield>
    <subfield code="y">BK</subfield>
    <subfield code="z">Almirah No.29, Shelf No.2</subfield>
  </datafield>
  <datafield tag="952" ind1=" " ind2=" ">
    <subfield code="0">0</subfield>
    <subfield code="1">0</subfield>
    <subfield code="2">ddc</subfield>
    <subfield code="4">0</subfield>
    <subfield code="7">0</subfield>
    <subfield code="a">MCS</subfield>
    <subfield code="b">MCS</subfield>
    <subfield code="c">GEN</subfield>
    <subfield code="d">2022-10-28</subfield>
    <subfield code="l">0</subfield>
    <subfield code="o">621.317,KET</subfield>
    <subfield code="p">MCS5738</subfield>
    <subfield code="r">2022-10-28</subfield>
    <subfield code="w">2022-10-28</subfield>
    <subfield code="y">BK</subfield>
    <subfield code="z">Almirah No.29, Shelf No.2</subfield>
  </datafield>
</record>
